| 000 | 00524nam a2200181Ia 4500 | ||
|---|---|---|---|
| 001 | 13526 | ||
| 005 | 20260306164807.0 | ||
| 008 | 260306t2011||||xx |||||||||||||| ||spa|| | ||
| 041 | _aESP | ||
| 082 |
_a004.6 _bJ74 |
||
| 100 |
_aJoseph, Vinod _eAUT |
||
| 245 | 0 |
_aDeploying next generation multicast-enabled applications: _blabel switched multicast for MPLS VPNs, VPLS, and wholesale Ethernet |
|
| 260 | _c2011 | ||
| 300 |
_axiii, 545 páginas : _c23 cm. |
||
| 650 | _aGEN | ||
| 654 | _aCCC | ||
| 942 |
_cLIB _dJUS _fJUS _2ddc _n |
||
| 999 |
_c13526 _d13526 |
||